00600nam a2200181Ia 4500952012900000999001700129003000400146005001700150008004100167040000900208082001800217100002400235245003900259260005500298300000900353650001400362942004200376 00102ddc40708NFICaMESbMEScMALd2019-02-20g60.00l0o954.83 KRI/Kp17006r2019-02-20 00:00:00w2019-02-20yBKzGR17R3 c26348d26348OSt20210101122149.0190216s9999||||xx |||||||||||||| ||und|| coclc a954.83bKRI/K aKrishnapillai98077 0aKairaliyude Katha /cKrishnapillai bSahithya Pravarthaka Sahakarana Sangam,aKottayam: a500p aSahithyam cBK2ddch954.83iKRI/Kk954.83mKRI/K